| 000 | 00841nam a22002057a 4500 | ||
|---|---|---|---|
| 999 |
_c7463 _d7463 |
||
| 003 | AR-CdUCM | ||
| 008 | 190320b ||||| |||| 00| 0 spa d | ||
| 040 |
_aMUNICIPALIDAD PROVINCIAL DEL CUSCO _cBIBLIOTECA MUNICIPAL DEL CUSCO |
||
| 082 |
_a346.3 / _bC79 |
||
| 100 |
_aCornejo Chávez, Héctor _99311 |
||
| 245 | _aLa sucesión y el derecho sucesorio / | ||
| 260 |
_aArequipa : _bEscuela Tip. Salesiana, _c1944. |
||
| 300 |
_a195 páginas ; _c21.5 cm. |
||
| 505 | _aContenido: Sucesión y derecho sucesorio -- El fundamento sociológico de la sucesión y del derecho sucesorio -- El fundamento jurídico de la sucesión -- Proyecto de libro de sucesiones del código civil peruano ... | ||
| 650 |
_aDerecho hereditario _921048 |
||
| 650 |
_aHerederos legales _921049 |
||
| 650 |
_aTestamento _921050 |
||
| 942 |
_2ddc _cLIBROS |
||
| 945 | _aafb | ||